Central Library OPAC University of Rajshahi

বীরের এ রক্তস্রোেতে মাতার এ অশ্রুধারা / (Record no. 67753)

MARC details
000 -LEADER
fixed length control field 01060nam a2200277 a 4500
001 - CONTROL NUMBER
control field 67753
003 - CONTROL NUMBER IDENTIFIER
rucl marc code BD-RjUL
005 - DATE AND TIME OF LATEST TRANSACTION
control field 20211209081705.0
008 - FIXED-LENGTH DATA ELEMENTS--GENERAL INFORMATION
fixed length control field 190307s1973 bg 001 0 ben d
020 ## - INTERNATIONAL STANDARD BOOK NUMBER
Terms of availability :Tk. 12.00
035 ## - SYSTEM CONTROL NUMBER
System control number (BD-RjUL)67962
040 ## - CATALOGING SOURCE
Original cataloging agency BD-RjUL
Transcribing agency BD-RjUL
Language of cataloging eng
041 ## - LANGUAGE CODE
Language code of text/sound track or separate title eng
082 ## - DEWEY DECIMAL CLASSIFICATION NUMBER
Classification number 954.9205
Edition number 23
Author mark and year ISB 1973
100 ## - MAIN ENTRY--PERSONAL NAME
Personal name ইসলাম, রফিকুল
9 (RLIN) 229116
245 ## - TITLE STATEMENT
Title বীরের এ রক্তস্রোেতে মাতার এ অশ্রুধারা /
Statement of responsibility, etc. রফিকুল ইসলাম
250 ## - EDITION STATEMENT
Edition statement ১ম সং
260 ## - PUBLICATION, DISTRIBUTION, ETC. (IMPRINT)
Place of publication, distribution, etc. ঢাকা :
Name of publisher, distributor, etc. বাংলা একাডেমী,
Date of publication, distribution, etc. ১৯৭৩
300 ## - PHYSICAL DESCRIPTION
Pagination ১৯১ পৃ. :
Illustrations চিত্র ;
Size ২১ সেমি.
490 ## - SERIES STATEMENT
Series statement বাএ ;
Volume/sequential designation ৪৬২
505 #0 - FORMATTED CONTENTS NOTE
Formatted contents note Vol. 11 --
651 ## - SUBJECT ADDED ENTRY--GEOGRAPHIC NAME
Geographic name বাংলাদেশ
General subdivision মুক্তিযুদ্ধ, ১৯৭১
-- ইতিহাস
9 (RLIN) 248264
Geographic name Bangladesh
General subdivision History
-- Liberation War, 1971
9 (RLIN) 248265
830 ## - SERIES ADDED ENTRY--UNIFORM TITLE
Uniform title বাএ ;
Volume number/sequential designation ৪৬২
942 ## - ADDED ENTRY ELEMENTS (KOHA)
Source of classification or shelving scheme Dewey Decimal Classification
Koha item type Books
Holdings
Lost status Source of classification or shelving scheme Damaged status Not for loan Permanent Location Current Location Shelving location Date acquired Source of acquisition Cost, normal purchase price Total Checkouts Full call number Date last seen Copy number Koha item type Collection code
  Dewey Decimal Classification   Not For Loan Central Library, University of Rajshahi Central Library, University of Rajshahi Reading Room 27/01/1975 Bangla Academy 12.00   B 954.9205 ISB 1973 07/03/2019 C-1 Books  
  Dewey Decimal Classification     Central Library, University of Rajshahi Central Library, University of Rajshahi   27/01/1975 Dacca, Bangla Academy 12.00   B 954.9205 ISB 1973 21/09/2021 C-2 Books Non-fiction
  Dewey Decimal Classification     Central Library, University of Rajshahi Central Library, University of Rajshahi   27/01/1975 Dacca, Bangla Academy 12.00   B 954.9205 ISB 1973 21/09/2021 C-3 Books Non-fiction
  Dewey Decimal Classification     Central Library, University of Rajshahi Central Library, University of Rajshahi   27/01/1975 Dacca, Bangla Academy 12.00   B 954.9205 ISB 1973 21/09/2021 C-4 Books Non-fiction
  Dewey Decimal Classification     Central Library, University of Rajshahi Central Library, University of Rajshahi   27/01/1975 Dacca, Bangla Academy 12.00   B 954.9205 ISB 1973 21/09/2021 C-5 Books Non-fiction
  Dewey Decimal Classification     Central Library, University of Rajshahi Central Library, University of Rajshahi   27/01/1975 Dacca, Bangla Academy 12.00   B 954.9205 ISB 1973 21/09/2021 C-6 Books Non-fiction